| 000 | 00755nam a2200241 a 4500 | ||
|---|---|---|---|
| 001 | BRCA_4177 | ||
| 005 | 20190320204556.0 | ||
| 008 | 290410s1922----mx-a######---#000-0#spa-# | ||
| 041 | _aspa | ||
| 044 | _amx | ||
| 050 | 4 |
_aNK4225 _b.V46 2 _c1922 |
|
| 100 | 1 |
_aVentosa, Enrique Luis _97335 |
|
| 245 | 1 | 0 |
_aCerámica _blibro para artistas _cEnrique Luis Ventosa ; prólogo de José López-Portillo y Rojas. |
| 260 |
_aPuebla, Puebla _bJ. M. Aguirre _c1922 |
||
| 300 |
_axvi, 152 p. _bil. _c22 cm. |
||
| 500 | _aEstado físico: Encuadernación deteriorada y manchada | ||
| 500 | _aEjemplar igual a A39 | ||
| 500 | _aA101 | ||
| 650 | 1 | 4 |
_aCerámica _91200 |
| 700 | 1 |
_aLópez-Portillo y Rojas, José _eProloguista _910785 |
|
| 902 | _aGFM | ||
| 942 |
_2lcc _cB |
||
| 999 |
_c3893 _d3893 |
||